Control system design
में बचाया:
| मुख्य लेखकों: | , , |
|---|---|
| स्वरूप: | पुस्तक |
| भाषा: | अंग्रेज़ी |
| प्रकाशित: |
Upper Saddle River
Prentice-Hall
2001
|
| विषय: | |
| टैग: |
टैग जोड़ें
कोई टैग नहीं, इस रिकॉर्ड को टैग करने वाले पहले व्यक्ति बनें!
|
MARC
| LEADER | 00000cam a2200000 a 4500 | ||
|---|---|---|---|
| 001 | UCJ1231 | ||
| 003 | CL-VaPUC | ||
| 005 | 20250107101920.0 | ||
| 008 | 061006e20010000us |||||||||||||||||eng|d | ||
| 999 | |c 317890 |d 317888 | ||
| 020 | |a 0139586539 | ||
| 040 | |c Pontificia Universidad Católica de Valparaíso | ||
| 082 | 0 | 4 | |a 629.8 |b GOO |2 21 |
| 100 | 0 | |a Goodwin, Graham C |e author |9 501759 | |
| 245 | 1 | 0 | |a Control system design |
| 260 | |a Upper Saddle River |b Prentice-Hall |c 2001 | ||
| 300 | |a 908 p | ||
| 583 | |a last modification |c 20150429 05:01:12 |k Rodrigo Vera | ||
| 650 | 0 | |a Control automático |9 259890 | |
| 650 | 0 | |a Cibernética |2 CL-VaPUC |9 270269 | |
| 650 | 0 | |a Automatización |9 299909 | |
| 650 | 0 | |a Lenguajes de programación |9 259458 | |
| 650 | 0 | |a Ingeniería de sistemas |9 261019 | |
| 700 | 0 | |a Graebe, Stefan F |e author |9 501760 | |
| 700 | 0 | |a Salgado, Mario E |e author |9 501761 | |
| 942 | |c BK |2 ddc | ||
| 945 | |d 20061006 00:00:00 |a cmena | ||
| 952 | |0 0 |1 0 |4 0 |6 629_800000000000000_GOO_2001 |7 0 |8 A |9 394942 |a BIBING |b BIBING |d 2019-11-22 |i 4284828 |l 1 |o 629.8 GOO 2001 |p 4284828 |r 2025-01-20 |s 2023-03-27 |w 2019-11-22 |y BK |k EIQ | ||